Giáo trình luật so sánh

Giáo trình luật so sánh bao gồm ba phần: Phần một: Những vấn đề chung về luật so sánh; Phần hai: các dòng họ pháp luật cơ bản trên thế giới; Phần ba: Hệ thống pháp luật của một số quốc gia ở châu Á....

وصف كامل

محفوظ في:
التفاصيل البيبلوغرافية
المؤلف الرئيسي: Nguyễn, Quốc Hoàn
التنسيق: كتاب
اللغة:Undetermined
منشور في: Hà Nội Công an Nhân dân 2018
الموضوعات:
الوسوم: إضافة وسم
لا توجد وسوم, كن أول من يضع وسما على هذه التسجيلة!
Thư viện lưu trữ: Trung tâm Học liệu Trường Đại học Cần Thơ
LEADER 00962nam a2200229Ia 4500
001 CTU_239010
008 210402s9999 xx 000 0 und d
082 |a 340.2 
082 |b H406 
100 |a Nguyễn, Quốc Hoàn 
245 0 |a Giáo trình luật so sánh 
245 0 |c Nguyễn Quốc Hoàn (chủ biên) 
260 |a Hà Nội 
260 |b Công an Nhân dân 
260 |c 2018 
520 |a Giáo trình luật so sánh bao gồm ba phần: Phần một: Những vấn đề chung về luật so sánh; Phần hai: các dòng họ pháp luật cơ bản trên thế giới; Phần ba: Hệ thống pháp luật của một số quốc gia ở châu Á. 
526 |a Luật so sánh 
526 |b KL369 
650 |a Comparative law,Luật so sánh 
904 |i Bằng 
910 |a Tuyến 
980 |a Trung tâm Học liệu Trường Đại học Cần Thơ